| 000 | 00690cam a2200217ua 4500 | ||
|---|---|---|---|
| 001 | 5958 | ||
| 008 | 131109n ii |||gr||||Z||||||eng | ||
| 040 | _cMAIN | ||
| 082 | _a954.035 | ||
| 100 |
_aPadhi,A.P, _eAuthor. |
||
| 245 |
_aHistory Of Freedom Movement in India and National Integration : _bSocial and Cultural History of India / _cby A.P Padhi . |
||
| 250 |
_a1st ed. _b1st ed. |
||
| 260 |
_aBurla: _bSamaleswari Publishers, _c1986-87. |
||
| 300 | _a208p. | ||
| 653 | _aHistory | ||
| 653 | _aHistory | ||
| 653 | _aHistory Of Freedom Movement in India and National Integration | ||
| 653 | _aSocial and cultural history of India | ||
| 700 |
_aMishra,P.K, _eAuthor. |
||
| 942 | _cBK | ||
| 999 |
_c5112 _d5112 |
||